Riconosci la città dal monumento parte 3 - Statistics

Statistiche generali
  • Questo quiz è stato fatto 147 volte
    136 dall'ultimo reset
  • Il punteggio medio è 14 su 20
Statistiche sulle risposte
MONUMENTO CITTA' % Corretto
Palazzo Pitti Firenze
98%
Piazza Navona Roma
97%
Piazza del Plebiscito Napoli
95%
Balcone di Romeo e Giulietta Verona
94%
Città dei sassi Matera
93%
Piazza dei Miracoli Pisa
86%
Teatro la Fenice Venezia
85%
Rinascente Milano
84%
Palazzo dei Normanni Palermo
81%
Castello di Miramare Trieste
76%
Piazza del Campo Siena
73%
Palazzo Te Mantova
61%
Mausoleo di Galla Placidia Ravenna
61%
Galleria Nazionale delle Marche Urbino
61%
La Rotonda (del Palladio) Vicenza
56%
Palazzo Rosso Genova
55%
Castello del Buonconsiglio Trento
51%
Villa Adriana Tivoli
46%
Castello Ottagonale di Federico II Andria
34%
Basilica di San Bernardino L'Aquila
31%
Nessun quiz corrispondente trovato
Distribuzione punteggi
Percentuale di utenti per punteggio
Percentile per numero di risposta
I tuoi punteggi nel tempo
Non hai fatto questo quiz dall'ultimo reset